An introduction to cardiovascular physiology. (5th ed.) (Record no. 64292)

MARC details
000 -LEADER
fixed length control field 01066nam a2200217 a 4500
008 - FIXED-LENGTH DATA ELEMENTS--GENERAL INFORMATION
fixed length control field 120712s2010 ||||||||||||||||| || u
010 ## - LIBRARY OF CONGRESS CONTROL NUMBER
LC control number 2010287534
020 ## - INTERNATIONAL STANDARD BOOK NUMBER
International Standard Book Number 9780340942048
050 ## - LIBRARY OF CONGRESS CALL NUMBER
Classification number QP 101 Lev
100 ## - MAIN ENTRY--PERSONAL NAME
Personal name Levick, J. Rodney
245 13 - TITLE STATEMENT
Title An introduction to cardiovascular physiology. (5th ed.)
Statement of responsibility, etc. by J. Rodney Levick
250 ## - EDITION STATEMENT
Edition statement 5th ed.
260 ## - PUBLICATION, DISTRIBUTION, ETC.
Place of publication, distribution, etc. London
Name of publisher, distributor, etc. Hodder Arnold
Date of publication, distribution, etc. 2010
300 ## - PHYSICAL DESCRIPTION
Extent xii, 414p.: ill.
350 ## -
-- 49.95
650 #0 - SUBJECT ADDED ENTRY--TOPICAL TERM
Topical term or geographic name entry element CARDIOVASCULAR SYSTEM--PHYSIOLOGY
995 ## -
-- MEDICAL LIBRARY OPEN ACCESS
-- 903501
-- CBU-SCHOOL OF MEDICINE LIBRARY (Ndola)
-- 49.95
-- QP 101 Lev
-- 3
-- AVAILABLE
-- Feb 29, 2016
-- 903501
-- Medical Library Open Access Collection
995 ## -
-- MEDICAL LIBRARY OPEN ACCESS
-- 902046
-- CBU-SCHOOL OF MEDICINE LIBRARY (Ndola)
-- QP 101 Lev
-- 2
-- AVAILABLE
-- May 21, 2013
-- 902046
-- Medical Library Open Access Collection
995 ## -
-- MICHAEL CHILUFYA SATA OPEN ACCESS
-- 901631
-- CBU-SCHOOL OF MEDICINE LIBRARY (Ndola)
-- QP 101 Lev
-- 1
-- AVAILABLE
-- Jul 12, 2012
-- 901631
-- Medical Library Open Access Collection
999 ## -
-- 64292
-- 64292

No items available.